Loading...

അരങ്ങുകളീലൂടെ അഴീക്കോട് /

Bibliographic Details
Main Author: അഴീക്കോട്, സുകുമാര്‍
Other Authors: Azheekode, Sukumar, Peringottukurissi Jayaprakash (Editor)
Format: Printed Book
Language:English
Published: കോട്ടയം : ഡി.സി. ബുക്സ്, 2011.
Subjects:
LEADER 01030nam a22002057a 4500
008 130831b xxu||||| |||| 00| 0 eng d
999 |c 3079  |d 3079 
020 |a 9788126430086 
082 |a 894.15   |b AZH/PER 
100 |a അഴീക്കോട്, സുകുമാര്‍. 
240 |a Arangukaliloote Azheekode 
245 |a അരങ്ങുകളീലൂടെ അഴീക്കോട് /  |c സുകുമാര്‍ അഴീക്കോട് 
260 |a കോട്ടയം :  |b ഡി.സി. ബുക്സ്,  |c 2011. 
300 |a 437p. 
650 |a Speech 
700 |a Azheekode, Sukumar. 
700 |a Peringottukurissi Jayaprakash  |e editor. 
942 |2 ddc  |c BK 
952 |0 0  |1 0  |2 ddc  |4 0  |6 894_150000000000000_AZHPER  |7 0  |9 3774  |a MAIN  |b MAIN  |d 2013-08-31  |e D.C. Books, Kottayam  |g 225.00  |o 894.15 AZH/PER  |p 3754  |r 2013-08-31  |w 2013-08-31  |y BK 
952 |0 0  |1 0  |2 ddc  |4 0  |6 894_150000000000000_AZHPER  |7 0  |9 8201  |a MAIN  |b MAIN  |d 2014-03-05  |e Current Books, Calicut (D. C. Books)  |g 225.00  |o 894.15 AZH/PER  |p 8300  |r 2014-03-05  |t 2  |w 2014-03-05  |y BK